Detalles MARC
| 000 -LEADER |
| fixed length control field |
01627nam a2200409 a 4500 |
| 005 - FECHA ULTIMA MODIFICACION |
| control field |
20240514115050.0 |
| 008 - CAMPO DE CONTROL (LIBRO) |
| fixed length control field |
100312s2010||||sp a f |||| 001 0 spa d |
| 020 ## - INTERNATIONAL STANDARD BOOK NUMBER |
| ISBN |
9788498352801 |
| 041 ## - CODIGO DE IDIOMA |
| Código de idioma del texto/pista de sonido o título separado |
spa |
| 092 ## - SIGNATURA TOPOGRAFICA DEWEY LOCAL |
| número de clasificación |
615.7 |
| libristica |
75 |
| sección |
ROE |
| 100 1# - ENTRADA PRINCIPAL--NOMBRE PERSONAL |
| Nombre personal |
Roewer, Norbert |
| 9 (RLIN) |
1795 |
| 245 ## - TITULO PROPIAMENTE DICHO |
| Título |
Anestesia. |
| Subtítulo y Título paralelo |
Texto y atlas / |
| Mención de responsabilidad y remanente de la transcripción de la portada |
Norbert Roewer |
| 250 ## - MENCION DE EDICION |
| Mención de edición |
4a ed. |
| Mención de responsabilidad relacionada con la ed. |
Traducción Jorge Frydman ; Mónica Koch ; Gerardo Mendez Ciancaglini y Ursula Sager |
| 260 ## - PIE DE IMPRENTA |
| Lugar de publicación, distribución, etc |
Madrid: |
| Nombre de la editorial, distribuidor, etc |
Editorial Médica Panamericana; |
| Fecha de publicación |
2010. |
| 300 ## - DESCRIPCION FISICA |
| Extension |
401 p. |
| Otros detalles físicos |
174 láminas en color de Jürgen Wirth |
| 500 ## - NOTA GENERAL |
| Nota general |
Roewer, N. y Thiel, H. (2010). Anestesia. Texto y atlas. (4a ed.). Madrid : Editorial Médica Panamericana. |
| 653 ## - TÉRMINO INDIZADO - PALABRAS CLAVES |
| Palabra clave |
Bases de la anestesiología y la anestesia general |
| 653 ## - TÉRMINO INDIZADO - PALABRAS CLAVES |
| Palabra clave |
Consulta prequirúrgica |
| 653 ## - TÉRMINO INDIZADO - PALABRAS CLAVES |
| Palabra clave |
Premedicación |
| 653 ## - TÉRMINO INDIZADO - PALABRAS CLAVES |
| Palabra clave |
Farmacología de la anestesia general |
| 653 ## - TÉRMINO INDIZADO - PALABRAS CLAVES |
| Palabra clave |
Vía aérea artificial |
| 653 ## - TÉRMINO INDIZADO - PALABRAS CLAVES |
| Palabra clave |
Ventilación durante la anestesia general |
| 653 ## - TÉRMINO INDIZADO - PALABRAS CLAVES |
| Palabra clave |
Accesos vasculares |
| 653 ## - TÉRMINO INDIZADO - PALABRAS CLAVES |
| Palabra clave |
Monitorización y homeostasis perioperatoria |
| 653 ## - TÉRMINO INDIZADO - PALABRAS CLAVES |
| Palabra clave |
Anestesia regional |
| 653 ## - TÉRMINO INDIZADO - PALABRAS CLAVES |
| Palabra clave |
Posición quirúrgica |
| 653 ## - TÉRMINO INDIZADO - PALABRAS CLAVES |
| Palabra clave |
Enfermedades concomitantes frecuentes |
| 653 ## - TÉRMINO INDIZADO - PALABRAS CLAVES |
| Palabra clave |
Complicaciones de la anestesia |
| 653 ## - TÉRMINO INDIZADO - PALABRAS CLAVES |
| Palabra clave |
Cuidados posoperatorios |
| 653 ## - TÉRMINO INDIZADO - PALABRAS CLAVES |
| Palabra clave |
Reanimación cardiopulmonar |
| 653 ## - TÉRMINO INDIZADO - PALABRAS CLAVES |
| Palabra clave |
Apéndice A: cuadros y formulas |
| 653 ## - TÉRMINO INDIZADO - PALABRAS CLAVES |
| Palabra clave |
Apéndice B: valores normales de datos de importancia en anestesiología |
| 653 ## - TÉRMINO INDIZADO - PALABRAS CLAVES |
| Palabra clave |
Apéndice C: Perfil de los medicamentos de importancia en anestesiología |
| 700 1# - ENTRADAS SECUNDARIAS - NOMBRE PERSONAL |
| Nombre personal |
Thiel, Holger |
| 9 (RLIN) |
1796 |
| 930 ## - NUMERO DE INVENTARIO |
| Número de inventario |
2587 |
| 942 ## - ADDED ENTRY ELEMENTS (KOHA) |
| Source of classification or shelving scheme |
Dewey Decimal Classification |
| Item type |
Libros |